Infoproletr̀ios e a Uberizaȯ̂ do Trabalho Direito e Justiȧ em um Novo Horizonte de Possibilidades /

Detalles Bibliográficos
Autor principal: Guimarês Feliciano, Guilherme
Otros Autores: Silva Campos Miskulin, Ana Paula
Formato: eBook
Lenguaje:portugués
Publicado: San Pablo: LTR, 2019
Materias:
Acceso en línea:Acceso restringido

MARC

LEADER 00000nam a22000007a 4500
005 2022040702162.0
007 cr|||| ||||
008 220407s2019 br |||||s|||| 00||0 por d
020 |a 978-85-301-0150-3 
035 |a 36038 
040 |a vLex 
090 |c 13132  |d 13132 
100 1 |a Guimarês Feliciano, Guilherme 
245 1 0 |a  Infoproletr̀ios e a Uberizaȯ̂ do Trabalho  |h [Recurso electrn̤ico] :  |b Direito e Justiȧ em um Novo Horizonte de Possibilidades /  |c Guilherme Guimarês Feliciano, Ana Paula Silva Campos Miskulin 
256 |a Servicio en ln̕ea 
260 |a San Pablo:  |b LTR,  |c 2019 
300 |a 1 recurso electrn̤ico 
500 |a Esta coletńea ̌fruto de um dos eixos de pesquisa desenvolvidos, a partir de agosto de 2016, no ḿbito do Nc︢leo de Pesquisa e Extensô "O trabalho alm̌ do Direito do Trabalho: Dimense̳s da clandestinidade jurd̕ico-laboral" (NTADT), vinculado ao Departamento de Direito do Trabalho e da Seguridade Social da Faculdade de Direito da Universidade de Sô Paulo (DTBS/FDUSP) e dedicado ao estudo da condiȯ̂ econm̥ica, jurd̕ica e sociolg̤ica dos trabalhadores situados ̉margem da legalidade ou da institucionalidade laboral, no Brasil e no mundo. Em um contexto de crescentes disputas judiciais em torno das condiė̳s de trabalho, de proteȯ̂ jurd̕ica e de seguranȧ social dos motoristas que prestam serviȯs por meio de aplicativos de transporte, essa obra convida o leitor ̉compreensô das variegadas dimense̳s do fenm̥eno, apresentando-lhe sistematicamente as polm̊icas doutrinr̀ias, as tendn̊cias jurisprudenciais e as primeiras leis – brasileiras e estrangeiras – que buscam regulamentar tais atividades. 
506 1 |a Disponible solo en los productos indicados  |d vLex Global  |d vLex Global (Academic Edition, excluding Law Schools)  |d vLex Global (U.S. Academic Edition, Law Schools)  |d vLex Global (U.S. Academic Edition, excluding Law Schools)  |d vLex Global (Academic Edition, Law Schools) 
650 0 4 |a Derecho Laboral y Seguridad Social  |z Brasil 
700 1 |a Silva Campos Miskulin, Ana Paula 
740 0 |a vLex Libros (Servicio en ln̕ea) 
856 4 0 |u https://app.vlex.com/#/sources/36038  |z Acceso restringido 
942 |c BOOK 
999 0 |a Labor law and social security